[Event "Villa Helenenhof op"]
[Site "Bad Schwalbach"]
[Date "2009.10.16"]
[Round "6"]
[White "Zech, Christof"]
[Black "Kalbhenn, Josef"]
[Result "1-0"]
[WhiteElo "1738"]
[BlackElo "1412"]
[PlyCount "31"]
[EventDate "2009.10.12"]
[EventType "swiss"]
[EventRounds "9"]
[EventCountry "GER"]
[SourceTitle "CBM 132 Extra"]
[Source "ChessBase"]
[SourceDate "2009.11.03"]
[SourceVersion "1"]
[SourceVersionDate "2009.11.03"]
[SourceQuality "1"]

1. Nf3 Nc6 2. d4 d5 3. e3 e6 4. a3 Nf6 5. c4 g6 6. b4 a6 7. Bb2 Bg7 8. Be2 0-0 9. 0-0 Ne7 10. Qc2 c6 11. Nbd2 Bd7 12. Ne5 dxc4 13. Ndxc4 Ne8 14. Nxd7 b5 15. Nce5 f6 16. Nxf8 1-0

[Event "Villa Helenenhof op"]
[Site "Bad Schwalbach"]
[Date "2009.10.15"]
[Round "5"]
[White "Zech, Christof"]
[Black "Buerkle, Alois"]
[Result "1-0"]
[WhiteElo "1738"]
[BlackElo "1257"]
[PlyCount "101"]
[EventDate "2009.10.12"]
[EventType "swiss"]
[EventRounds "9"]
[EventCountry "GER"]
[SourceTitle "CBM 132 Extra"]
[Source "ChessBase"]
[SourceDate "2009.11.03"]
[SourceVersion "1"]
[SourceVersionDate "2009.11.03"]
[SourceQuality "1"]

1. Nf3 Nc6 2. d4 d5 3. Bf4 Nf6 4. h3 e6 5. Nc3 Bb4 6. Bd2 0-0 7. a3 Bd6 8. e3 Re8 9. Be2 Ne7 10. Nb5 a6 11. Nxd6 Qxd6 12. 0-0 c6 13. Ne5 Nd7 14. f4 f6 15. Nxd7 Qxd7 16. Qe1 b6 17. Bd3 f5 18. Kh2 c5 19. c3 c4 20. Bc2 b5 21. Rg1 Ng6 22. Bd1 Qe7 23. Bh5 Qf6 24. Qf2 Rf8 25. g3 Ra7 26. Rg2 Ne7 27. Rag1 g6 28. Bf3 Kh8 29. g4 h6 30. g5 Qg7 31. gxh6 Qxh6 32. Rg5 Rf7 33. Qg3 Rh7 34. Be1 Bd7 35. Kg2 a5 36. Rh1 Ra8 37. Kg1 Rg8 38. h4 Be8 39. h5 Bf7 40. hxg6 Qxh1+ 41. Bxh1 Nxg6 42. Bg2 Kg7 43. Qf3 Rgh8 44. Bg3 Kf6 45. Qe2 Nh4 46. Bxh4 Rxh4 47. Qf2 Rh2 48. Qg3 R2h6 49. Rg7 Bg6 50. Ra7 a4 51. Qg5# 1-0

[Event "Villa Helenenhof op"]
[Site "Bad Schwalbach"]
[Date "2009.10.14"]
[Round "3"]
[White "Zech, Christof"]
[Black "Siegismund, Florian"]
[Result "1/2-1/2"]
[WhiteElo "1738"]
[BlackElo "1428"]
[PlyCount "55"]
[EventDate "2009.10.12"]
[EventType "swiss"]
[EventRounds "9"]
[EventCountry "GER"]
[SourceTitle "CBM 132 Extra"]
[Source "ChessBase"]
[SourceDate "2009.11.03"]
[SourceVersion "1"]
[SourceVersionDate "2009.11.03"]
[SourceQuality "1"]

1. Nf3 c5 2. c4 Nf6 3. e3 e6 4. d4 d5 5. cxd5 Nxd5 6. Bd2 a6 7. Nc3 Nc6 8. dxc5 Bxc5 9. a3 b5 10. Nxd5 Qxd5 11. Bc3 Qxd1+ 12. Rxd1 0-0 13. b4 Ba7 14. Bd3 Bb7 15. Ke2 Rfd8 16. Rd2 Ne7 17. Rhd1 Nd5 18. Bb2 Rac8 19. Rc2 Rxc2+ 20. Bxc2 Rc8 21. Bb3 Kf8 22. Rd3 f6 23. g3 Kf7 24. Nd4 g6 25. Nxe6 Kxe6 26. e4 Rd8 27. exd5+ Bxd5 28. f4 1/2-1/2